000 01148nam a22003497a 4500
003 CHAP
005 20220817041528.0
008 971013s1974 r 00010 d
010 _a17134
011 _a18106
035 _a22190
040 _cCHAP
082 _a658
_bJ5 1974
100 0 0 _aJiménez Castro, Wilburg.
_961466
245 _aIntroducción al estudio de la teoría administrativa
250 _a4 ed.
260 _aMéxico, D.F., :
_bFondo de Cultura Económica,
_c1974
300 _a391 p
490 _aSección de obras de economía
590 _aBATCH-UPD
_b10
_c20130110
_lUCH01
_h0111
590 _aBATCH-UPD
_b10
_c20130110
_lUCH01
_h1146
590 _aBATCH-UPD
_b10
_c20130409
_lUCH01
_h2103
590 _aBATCH-UPD
_b10
_c20130410
_lUCH01
_h0732
590 _aBATCH-UPD
_b10
_c20130913
_lUCH01
_h1932
590 _aCONVERSION
_b10
_c20130109
_lUCH01
_h1311
650 1 4 _aAdministración de empresas.
_9922
650 1 4 _aAdministración de empresas
_xHistoria.
_9924
830 0 _aSección de obras de economía
901 _aBK
942 _cLIBRO
949 _a658 J5 1974
_bBC
_cLIBRO
_d33724000127379
_eLIBRO
_h40748
_i22190
_mD
_si
999 _c17134
_d17134